00722 2200277 4500001002100000005001500021035002000036007000300056040001700059100002900076245004000105250001200145300002900157041000800186082001100194084001700205090002300222264003600245336002100281337003000302338002300332650001800355850001000373008004100383990002000424INLIS00000000000684820260409092445 a0010-0622000183ta aSBPUPADbind0 aArsyad SiddikePengarang1 aRahasia Sang Juara /cArsyad Siddik a.-cet.1 a47 hlm. :bilus. ;c21cm0 aind a398.27 a398.27 ARS r a398.27 ARS r L9-R3 a.--Jakarta :bAries Lima,c1978 2rdacontentaTeks 2rdamediaaTanpa Perantara 2rdacarrieravolume 4aCerita Rakyat aPUPAD260409 1  a0385/Arpus/2005